• 首页
  • 本馆介绍
  • 公告通知
  • 最新文献
  • 馆藏检索
  • 电子资源
  • 读者导购
  • 参考咨询
  • 我的图书馆
  • 登录
  • 详细信息显示
  • 放入我的书架
  • 预约/预借图书
  • 作者相关作品
  • 分类相关作品
  • 丛书相关作品
  • 出版社相关作品

书目信息

  • 表格格式
  • 工作单格式
  • 卡片格式
题名:
日本史话
    
 
作者: 桑田忠亲 著
分册:  
出版信息: 东京    
页数: 236页
开本: 20cm
丛书名:
单 册:
中图分类: H36
科图分类:
主题词: 日语
电子资源:
ISBN:
000 00510nam0 2200181 450
001 0638102530
005 20061104103814.39
100    @a20061104d km y0chiy0120 ea
101 0  @achi
200 1  @a日本史话@Ari ben shi hua@e从原始到现代@f桑田忠亲著@Fsang tian zhong qin zhu
210    @a东京
215    @a236页@d20cm
517 1  @a从原始到现代@Acong yuan shi dao xian dai
606 0  @a日语
690    @aH36@v3
701  0 @a桑田忠亲@Asang tian zhong qin@4著
801  0 @aCN@bPFT@c20061104
905    @a10447@dH36@e131
    
    日本史话:从原始到现代/桑田忠亲著.-东京
    236页;20cm
    
    
    ISBN :
    
●
相关链接 在E读中查询图书 在五车中查询图书 在当当中查询图书 在豆瓣中查询图书


正题名:日本史话     索取号:H36/131         预约/预借

序号 登录号 条形码 馆藏地/架位号 状态 备注
1 0154382   001305340   第二样本阅览室/ [索取号:H36/131] 在馆    
唐山师范学院图书馆 欢迎您!
大连网信软件有限公司© 版权所有